书目信息 |
| 题名: |
史记:评注本
|
|
| 作者: | 汉司马迁 著 | |
| 分册: | 下 | |
| 出版信息: | 长沙 岳麓书社 2004.05 |
|
| 页数: | 937-1846页 | |
| 开本: | 21cm | |
| 丛书名: | ||
| 单 册: | ||
| 中图分类: | K204.2 | |
| 科图分类: | ||
| 主题词: | 中国--通史 | |
| 电子资源: | ||
| ISBN: | 7-80665-419-4 | |
| 000 | 00542nam0 2200193 450 | |
| 001 | 1331675910 | |
| 005 | 20131223084930.57 | |
| 010 | @a7-80665-419-4 | |
| 100 | @a20131223d2004 km y0chiy0120 ea | |
| 101 | 0 | @achi |
| 102 | @aCN@b430000 | |
| 200 | 1 | @a史记:评注本@h下@f汉司马迁著@Fhan si ma qian zhu |
| 210 | @a长沙@c岳麓书社@d2004.05 | |
| 215 | @a937-1846页@d21cm | |
| 606 | 0 | @a中国@x通史 |
| 690 | @aK204.2@v4 | |
| 701 | 0 | @a汉司马迁@Ahan si ma qian@4著 |
| 801 | 0 | @aCN@b大连网信软件有限公司图书馆·11@c20131223 |
| 905 | @aZUCC@dK204.2@eH114:2 | |
| 史记:评注本.下/汉司马迁著.-长沙:岳麓书社,2004.05 |
| 937-1846页;21cm |
| ISBN 7-80665-419-4: |
| ● |
| 相关链接 |
|
|
|
正题名:史记:评注本
索取号:K204.2/H114:2
 
预约/预借
| 序号 | 登录号 | 条形码 | 馆藏地/架位号 | 状态 | 备注 |
| 1 | 492395 | 204923958 | 法学院资料室/ [索取号:K204.2/H114:2] | 在馆 |